[Event "III Open Oro Caffe'"]
[Site "Udine ITA"]
[Date "2010.07.05"]
[Round "1"]
[White "Gabassi, Francesco"]
[Black "Gentile, Bruno"]
[Result "1-0"]
[WhiteElo "1878"]
[BlackElo "1305"]
[PlyCount "63"]
[EventDate "2010.07.05"]

1. e4 c5 2. Nc3 Nc6 3. Bb5 e6 4. Bxc6 bxc6 5. d3 Nf6 6. Nge2 d6 7. O-O Be7 8.
f4 e5 9. fxe5 dxe5 10. h3 Be6 11. b3 Qd7 12. Qe1 h5 13. Be3 O-O-O 14. Na4 g5
15. Bxc5 Ne8 16. Qa5 Bxc5+ 17. Nxc5 Qc7 18. Qxc7+ Kxc7 19. Nxe6+ fxe6 20. Rf7+
Kb6 21. Raf1 Nd6 22. R7f6 Rde8 23. Nc3 h4 24. Na4+ Kb5 25. a3 c5 26. c4+ Kc6
27. b4 a6 28. Nxc5 a5 29. Nxe6 axb4 30. axb4 Rhg8 31. c5 Kd7 32. Nxg5 1-0

[Event "III Open Oro Caffe'"]
[Site "Udine ITA"]
[Date "2010.07.05"]
[Round "1"]
[White "Maestri, Roberto"]
[Black "Varini, Massimo"]
[Result "0-1"]
[WhiteElo "1768"]
[BlackElo "2076"]
[PlyCount "44"]
[EventDate "2010.07.05"]

1. e4 e6 2. d4 d5 3. Nc3 Bb4 4. a3 Bxc3+ 5. bxc3 dxe4 6. f3 c5 7. Be3 Nf6 8.
fxe4 Nxe4 9. Qg4 Nf6 10. Qxg7 Rg8 11. Qh6 Rg6 12. Qh4 Rg4 13. Qh6 Re4 14. Bd3
Ng4 15. Qxh7 Rxe3+ 16. Ne2 Qg5 17. O-O f5 18. Rae1 Rxd3 19. Qh8+ Kd7 20. Qh7+
Kc6 21. cxd3 Qe3+ 22. Kh1 Nf2+ 0-1

[Event "III Open Oro Caffe'"]
[Site "Udine ITA"]
[Date "2010.07.05"]
[Round "1"]
[White "Menon, Michele"]
[Black "Visintin, Roberto"]
[Result "0-1"]
[WhiteElo "1733"]
[BlackElo "2031"]
[PlyCount "84"]
[EventDate "2010.07.05"]

1. Nf3 g6 2. c4 c5 3. Nc3 Bg7 4. d4 cxd4 5. Nxd4 Nc6 6. e3 Nf6 7. g3 h5 8. h4
O-O 9. Bg2 Ne5 10. b3 d5 11. Nxd5 Nxd5 12. Bxd5 Bg4 13. Qc2 Rc8 14. Bxb7 Qd7
15. Bg2 Nf3+ 16. Nxf3 Bxa1 17. Bb2 Bxb2 18. Qxb2 Qd3 19. Qd2 Qb1+ 20. Qd1 Qxa2
21. O-O Rb8 22. Qd4 Bxf3 23. Bxf3 Rxb3 24. Qf4 Rb4 25. Bxh5 Qxc4 26. Qh6 Qe4
27. Be2 Rb1 28. Rxb1 Qxb1+ 29. Kg2 Rb8 30. h5 Qe4+ 31. Bf3 Qe6 32. hxg6 Qxg6
33. Qf4 Rc8 34. Be4 Qg7 35. Qf5 Rc1 36. Qa5 Qh6 37. Qd8+ Kg7 38. Qd4+ f6 39.
Kf3 Qh5+ 40. g4 Qh3+ 41. Ke2 Qxg4+ 42. Bf3 Rc2+ 0-1

[Event "III Open Oro Caffe'"]
[Site "Udine ITA"]
[Date "2010.07.05"]
[Round "1"]
[White "Okhotnik, Vladimir"]
[Black "Bozza, Stefano"]
[Result "1-0"]
[WhiteElo "2467"]
[BlackElo "1830"]
[PlyCount "71"]
[EventDate "2010.07.05"]

1. d4 Nf6 2. Nf3 e6 3. Bg5 Be7 4. Nbd2 d5 5. e3 c5 6. c3 h6 7. Bf4 Nc6 8. Ne5
Bd7 9. Bd3 O-O 10. g4 cxd4 11. exd4 Nxe5 12. dxe5 Nh7 13. Qc2 Ng5 14. h4 Ne4
15. Nxe4 dxe4 16. Bxe4 Bc6 17. g5 Bxe4 18. Qxe4 h5 19. Be3 Qc7 20. O-O-O Rad8
21. Kc2 Bc5 22. Qc4 Rc8 23. Bxc5 Qxc5 24. Qxc5 Rxc5 25. f4 a5 26. Rd4 b5 27.
Rhd1 g6 28. Rd8 b4 29. R1d4 Kg7 30. Rxf8 Kxf8 31. c4 Ke7 32. Kb3 Ke8 33. Ka4
Ke7 34. b3 Ke8 35. Rd6 Ke7 36. Ra6 1-0

[Event "III Open Oro Caffe'"]
[Site "Udine ITA"]
[Date "2010.07.05"]
[Round "1"]
[White "Pecchiari, Alberto"]
[Black "Panican, Gheorghe"]
[Result "1-0"]
[WhiteElo "1613"]
[BlackElo "1953"]
[PlyCount "41"]
[EventDate "2010.07.05"]

1. e4 Na6 2. d4 Nh6 3. Nf3 d6 4. Be2 Bd7 5. O-O e6 6. c4 Be7 7. Nc3 c6 8. d5
Nc7 9. dxe6 fxe6 10. Bf4 O-O 11. Bxd6 Nf7 12. Bxe7 Qxe7 13. e5 b6 14. Ne4 a6
15. Qd2 Kh8 16. Rad1 Bc8 17. Nd6 Rb8 18. Nxf7+ Rxf7 19. Qd8+ Qe8 20. Ng5 Rf8
21. Qxc7 1-0

[Event "III Open Oro Caffe'"]
[Site "Udine ITA"]
[Date "2010.07.05"]
[Round "1"]
[White "Pillon, Giovanni Pietro"]
[Black "Muradore, Aldo"]
[Result "1-0"]
[WhiteElo "1921"]
[BlackElo "1575"]
[PlyCount "62"]
[EventDate "2010.07.05"]

1. d4 d5 2. c4 e6 3. Nc3 Nf6 4. Bg5 Be7 5. e3 O-O 6. Bd3 h6 7. Bh4 c6 8. Nge2
Nfd7 9. Bxe7 Qxe7 10. f4 Qb4 11. cxd5 exd5 12. Qd2 Nf6 13. O-O Re8 14. e4 dxe4
15. Nxe4 Qxd2 16. Nxd2 Bg4 17. Nc3 Nbd7 18. Nc4 Nf8 19. h3 Bd7 20. Nd6 Reb8 21.
f5 Ne8 22. Nce4 Nxd6 23. Nxd6 b5 24. Rae1 Nh7 25. Re7 Nf6 26. Rfe1 Kf8 27.
Rxf7+ Kg8 28. Ree7 Ne8 29. Rxd7 Nxd6 30. Rxg7+ Kf8 31. Rh7 Ke8 1-0

[Event "III Open Oro Caffe'"]
[Site "Udine ITA"]
[Date "2010.07.05"]
[Round "1"]
[White "Podgornik, Massimo"]
[Black "Redo, Stefano"]
[Result "0-1"]
[WhiteElo "1491"]
[BlackElo "1919"]
[PlyCount "60"]
[EventDate "2010.07.05"]

1. e4 c5 2. d4 cxd4 3. c3 dxc3 4. Nxc3 Nc6 5. Bc4 e6 6. Nf3 d6 7. O-O Be7 8.
Qe2 Nf6 9. Rd1 e5 10. Bg5 Bg4 11. Bb5 Rc8 12. h3 Bxf3 13. Qxf3 O-O 14. Bxc6
Rxc6 15. Bxf6 Bxf6 16. Nd5 Be7 17. Qb3 Qd7 18. Qb5 Rfc8 19. Qa4 b6 20. Rac1 Bg5
21. Rxc6 Rxc6 22. f4 exf4 23. e5 f3 24. h4 f2+ 25. Kf1 Bd8 26. Nb4 Qg4 27. Rb1
Qc4+ 28. Kxf2 b5 29. Qb3 Qxh4+ 30. Kg1 Bb6+ 0-1

[Event "III Open Oro Caffe'"]
[Site "Udine ITA"]
[Date "2010.07.05"]
[Round "1"]
[White "Procacci, Sergio"]
[Black "Rozmann, Glauco"]
[Result "1-0"]
[WhiteElo "2043"]
[BlackElo "1745"]
[PlyCount "67"]
[EventDate "2010.07.05"]

1. f4 d6 2. e3 Nc6 3. d4 e6 4. Nf3 Be7 5. c4 Nf6 6. Nc3 d5 7. cxd5 exd5 8. Bd3
O-O 9. Ne5 Nxe5 10. dxe5 Ng4 11. Be2 Nh6 12. Qxd5 c6 13. Qxd8 Rxd8 14. Ne4 Bf5
15. Bf3 Bb4+ 16. Bd2 Bxe4 17. Bxb4 Bxf3 18. gxf3 Rd7 19. e4 Rc8 20. Rg1 c5 21.
Bc3 Rc6 22. a4 f5 23. exf6 g6 24. Rg3 Rd3 25. Ke2 c4 26. Rag1 Kf7 27. Rh3 Ng8
28. Rxh7+ Ke6 29. Rxg6 Rxc3 30. bxc3 Nxf6 31. e5 Kf5 32. Rxf6+ Rxf6 33. exf6
Kxf6 34. Rxb7 1-0

[Event "III Open Oro Caffe'"]
[Site "Udine ITA"]
[Date "2010.07.05"]
[Round "1"]
[White "Santacroce, Fidel"]
[Black "Castellano, Alfonso"]
[Result "0-1"]
[WhiteElo "1589"]
[BlackElo "1935"]
[PlyCount "60"]
[EventDate "2010.07.05"]

1. e4 c5 2. Nf3 d6 3. Bb5+ Bd7 4. Bxd7+ Qxd7 5. O-O Nc6 6. Nc3 Nf6 7. Re1 g6 8.
e5 dxe5 9. Nxe5 Nxe5 10. Rxe5 Qd6 11. Re1 Bg7 12. Qf3 Qd7 13. d3 O-O 14. Bg5
Rfe8 15. Bxf6 exf6 16. Re2 Rxe2 17. Qxe2 Re8 18. Qd2 Qe7 19. Kf1 Qd6 20. g3 c4
21. Re1 Rd8 22. Rd1 Qc6 23. Qe3 Re8 24. Ne4 f5 25. Qxa7 fxe4 26. dxe4 Qxe4 27.
Kg1 Qxc2 28. Rd7 Qb1+ 29. Kg2 Qe4+ 30. Kg1 Qf3 0-1

[Event "III Open Oro Caffe'"]
[Site "Udine ITA"]
[Date "2010.07.05"]
[Round "1"]
[White "Tonon, Alessandro"]
[Black "La Malfa, Stelio"]
[Result "1-0"]
[WhiteElo "2274"]
[BlackElo "1826"]
[PlyCount "143"]
[EventDate "2010.07.05"]

1. d4 d5 2. c4 e6 3. Nc3 Nf6 4. Bg5 Be7 5. e3 c6 6. Nf3 Nbd7 7. Qc2 O-O 8. a3
a5 9. cxd5 exd5 10. Bd3 h6 11. h4 Re8 12. Bf4 Nf8 13. Ne5 Be6 14. Qe2 Bd6 15.
Rg1 h5 16. Bg5 g6 17. g4 hxg4 18. Nxg4 Bxg4 19. Rxg4 N8h7 20. h5 Nxg5 21. Rxg5
Ne4 22. Rg2 Qh4 23. Bxe4 Qh1+ 24. Qf1 Qxf1+ 25. Kxf1 dxe4 26. Rg4 Kg7 27. Nxe4
Rad8 28. Nxd6 Rxd6 29. Ke2 Rd5 30. hxg6 fxg6 31. Rag1 Re6 32. Kd3 Rb5 33. Kc2
Rf5 34. R1g2 Ref6 35. f4 c5 36. Rd2 cxd4 37. Rxd4 b6 38. Rd7+ Rf7 39. Rxf7+
Kxf7 40. Rg5 Rf6 41. Kd3 Ke7 42. Ke4 Rc6 43. Rb5 Ke6 44. Re5+ Kf6 45. Rb5 Ke6
46. Re5+ Kf6 47. Kd4 Rd6+ 48. Kc4 Rc6+ 49. Kb5 Rd6 50. a4 Kf7 51. Ka6 Kf6 52.
Rb5 Rd3 53. Rxb6+ Kf7 54. Kxa5 Rxe3 55. Kb5 Re4 56. a5 Rxf4 57. a6 Rf2 58. Kc6
Rc2+ 59. Kb7 Re2 60. a7 Re7+ 61. Ka6 Re4 62. a8=Q Ra4+ 63. Kb7 Rxa8 64. Kxa8 g5
65. Kb7 g4 66. Rb4 g3 67. Rg4 Ke6 68. Rxg3 Kd5 69. b4 Kc4 70. Rg4+ Kb3 71. Kc7
Ka3 72. Rg1 1-0

[Event "III Open Oro Caffe'"]
[Site "Udine ITA"]
[Date "2010.07.06"]
[Round "2"]
[White "Bisaro, Andrea"]
[Black "Del Cont Bernard, Emanuela"]
[Result "1-0"]
[WhiteElo "1721"]
[BlackElo "1302"]
[PlyCount "37"]
[EventDate "2010.07.05"]

1. e4 e5 2. Nf3 Nc6 3. Bb5 a6 4. Ba4 Nf6 5. d3 Be7 6. Bxc6 bxc6 7. Nxe5 O-O 8.
O-O Bb7 9. Nf3 d6 10. Nc3 Bc8 11. Nd4 Bd7 12. f4 c5 13. Nf3 Bc6 14. Qe2 Re8 15.
Qf2 h6 16. f5 Bf8 17. Qg3 Kh8 18. Qh3 Ng8 19. g4 1-0

[Event "III Open Oro Caffe'"]
[Site "Udine ITA"]
[Date "2010.07.06"]
[Round "2"]
[White "Bozza, Stefano"]
[Black "De Val, Tarcisio"]
[Result "1-0"]
[WhiteElo "1830"]
[BlackElo "1615"]
[PlyCount "122"]
[EventDate "2010.07.05"]

1. e4 e5 2. Nf3 Nc6 3. Bc4 Nf6 4. Ng5 d5 5. exd5 Na5 6. Bb5+ c6 7. dxc6 bxc6 8.
Be2 Bc5 9. Nc3 O-O 10. O-O Nb7 11. d3 Re8 12. Nge4 Nxe4 13. Nxe4 Bf8 14. Bg4 f5
15. Bh5 fxe4 16. Bxe8 Qxe8 17. dxe4 Qg6 18. Qf3 Nc5 19. Re1 Be6 20. b3 Rd8 21.
Bb2 Bg4 22. Qg3 Rd2 23. Qc3 Rd4 24. f3 Bh5 25. Qe3 Ne6 26. Kh1 Qe8 27. Bxd4
Nxd4 28. Qd3 Bf7 29. c3 Ne6 30. Rad1 Qc8 31. Rd2 a5 32. Red1 Qa8 33. Qc2 h6 34.
Rd7 Qa6 35. Qd3 Qxd3 36. R7xd3 a4 37. b4 Nf4 38. R3d2 Ne6 39. g3 Nc7 40. Rf2
Nb5 41. Rc1 Na3 42. Kg2 Nc4 43. f4 a3 44. Kf3 Bd6 45. f5 Nb2 46. Rcc2 Nd3 47.
Rfe2 Nb2 48. Rxb2 axb2 49. Rxb2 Kf8 50. a4 Bc4 51. a5 Bb5 52. Ra2 Ba6 53. Rd2
Ke7 54. h4 h5 55. g4 Bc4 56. gxh5 c5 57. Rg2 Kf6 58. Rg6+ Ke7 59. Rxg7+ Kf6 60.
Rg6+ Ke7 61. a6 cxb4 1-0

[Event "III Open Oro Caffe'"]
[Site "Udine ITA"]
[Date "2010.07.06"]
[Round "2"]
[White "De Poi, Paolo"]
[Black "Cecchetto, Vanni"]
[Result "0-1"]
[WhiteElo "2198"]
[BlackElo "1948"]
[PlyCount "73"]
[EventDate "2010.07.05"]

1. e4 c5 2. Nf3 a6 3. c3 d5 4. exd5 Qxd5 5. d4 Bg4 6. Be2 cxd4 7. cxd4 Nf6 8.
Nc3 Qd6 9. O-O e6 10. Qa4+ Nbd7 11. d5 Qb4 12. dxe6 Bxe6 13. Nd4 Qxa4 14. Nxa4
Bd5 15. Bf4 b5 16. Nc3 Bc5 17. Nf5 O-O 18. Nxd5 Nxd5 19. Bg3 N7f6 20. Bf3 Rac8
21. Rfd1 Rfd8 22. h3 Bf8 23. a3 a5 24. Rd2 g6 25. Rad1 gxf5 26. Rxd5 Rxd5 27.
Bxd5 Nxd5 28. Rxd5 Rc5 29. Rxc5 Bxc5 30. Kf1 Kf8 31. Ke2 Ke7 32. Kf3 Ke6 33.
Bc7 a4 34. Ke2 Bd4 35. Ba5 Bxb2 36. Bb4 Kd5 37. Kd3 0-1

[Event "III Open Oro Caffe'"]
[Site "Udine ITA"]
[Date "2010.07.06"]
[Round "2"]
[White "Degano, Emanuele"]
[Black "Capizzi, Biagio"]
[Result "0-1"]
[WhiteElo "1614"]
[BlackElo "1824"]
[PlyCount "125"]
[EventDate "2010.07.05"]

1. e4 c5 2. Nf3 d6 3. d4 cxd4 4. Nxd4 Nf6 5. Nc3 g6 6. f3 Bg7 7. Be3 O-O 8. Qd2
Nc6 9. O-O-O d5 10. Bh6 dxe4 11. Bxg7 Kxg7 12. Nxc6 Qxd2+ 13. Rxd2 bxc6 14.
Nxe4 Nxe4 15. fxe4 Be6 16. b3 Rab8 17. Be2 Rb6 18. Rhd1 Rfb8 19. Rd4 R8b7 20.
Ra4 Rc7 21. Bc4 Bd7 22. Ra6 Rb4 23. a3 Rb8 24. e5 Bf5 25. Rf1 e6 26. Rf2 Be4
27. Re2 Bd5 28. Bxd5 cxd5 29. Kd2 Rbc8 30. Kd3 Rc3+ 31. Kd2 Rxc2+ 32. Ke1 R2c7
33. b4 Rb7 34. Rb2 Rc3 35. b5 Re3+ 36. Re2 Rb3 37. a4 Rc3 38. Kd2 Rc4 39. Kd3
Kf8 40. Rb2 Ke7 41. a5 Ra4 42. b6 axb6 43. Raxb6 Ra3+ 44. Kd4 Ra4+ 45. Kc3 Rc7+
46. Kd3 Rxa5 47. Rb7 Ra7 48. Rb8 Ra3+ 49. Ke2 Rac3 50. R8b7 Rc2+ 51. Rxc2 Rxb7
52. h3 Kd7 53. Ra2 Kc6 54. Rc2+ Kd7 55. Ra2 Kc7 56. Rc2+ Kb8 57. Kd3 Rb4 58.
Rf2 Rb7 59. Kd4 Kc8 60. Kc5 Kd8 61. Rf4 h5 62. g4 hxg4 63. Rxg4 0-1

[Event "III Open Oro Caffe'"]
[Site "Udine ITA"]
[Date "2010.07.06"]
[Round "2"]
[White "Gabassi, Cristina"]
[Black "Fermo, Ruggero"]
[Result "1/2-1/2"]
[WhiteElo "1621"]
[BlackElo "1901"]
[PlyCount "87"]
[EventDate "2010.07.05"]

1. e4 e5 2. Nf3 Nc6 3. Bb5 a6 4. Ba4 d6 5. d4 b5 6. Bb3 exd4 7. Bd5 Bb7 8. Nxd4
Nge7 9. Nxc6 Bxc6 10. Qe2 Qd7 11. O-O O-O-O 12. Bxc6 Qxc6 13. Bf4 h6 14. Rd1 g5
15. Bg3 Bg7 16. c3 h5 17. h3 Rde8 18. Qd3 Ng6 19. Nd2 Nf4 20. Qe3 Bh6 21. f3 f5
22. Bxf4 gxf4 23. Qd4 fxe4 24. Nxe4 Re5 25. a4 Bg7 26. axb5 Qxb5 27. c4 Qb7 28.
Ra2 Rg8 29. h4 Rb5 30. Qd2 Rxb2 31. Rxb2 Qxb2 32. Qxb2 Bxb2 33. Rd2 Be5 34. c5
Kd7 35. cxd6 cxd6 36. Nc5+ Kc6 37. Nxa6 Ra8 38. Nb4+ Kb5 39. Nc2 Kc4 40. Kf2
Rb8 41. Ne1 Rb3 42. Rc2+ Kd5 43. Ke2 Re3+ 44. Kd2 1/2-1/2

[Event "III Open Oro Caffe'"]
[Site "Udine ITA"]
[Date "2010.07.06"]
[Round "2"]
[White "Mogranzini, Roberto"]
[Black "Fantini, Marco"]
[Result "1-0"]
[WhiteElo "2387"]
[BlackElo "1954"]
[PlyCount "73"]
[EventDate "2010.07.05"]

1. e4 e6 2. d4 d5 3. Nd2 Nf6 4. e5 Nfd7 5. Bd3 c5 6. c3 Nc6 7. Ne2 cxd4 8. cxd4
Qb6 9. Nf3 f6 10. exf6 Nxf6 11. O-O Bd6 12. Rb1 Qc7 13. a3 O-O 14. b4 a6 15.
Ng3 Bd7 16. Bb2 Rae8 17. Rc1 Bf4 18. Rc2 Qd6 19. Re1 Ng4 20. Ne5 Nf6 21. Rce2
Bc8 22. Qc2 Bh6 23. h3 Ne7 24. Bc1 Nc6 25. Nxc6 Qxc6 26. Bxh6 gxh6 27. Qd2 Qb6
28. Re5 Kh8 29. Bb1 Bd7 30. Ne2 Ng8 31. Nf4 Nf6 32. g3 Rf7 33. Rc1 Rfe7 34. Qe3
Qd6 35. Nd3 Kg7 36. Qf4 Ne4 37. Rxe4 1-0

[Event "III Open Oro Caffe'"]
[Site "Udine ITA"]
[Date "2010.07.06"]
[Round "2"]
[White "Muradore, Aldo"]
[Black "Del Forno Sinicco, Michele"]
[Result "0-1"]
[WhiteElo "1575"]
[BlackElo "1802"]
[PlyCount "46"]
[EventDate "2010.07.05"]

1. d4 d5 2. c4 e6 3. Nc3 c6 4. e4 dxe4 5. Nxe4 Bb4+ 6. Nc3 Nf6 7. Bg5 Bxc3+ 8.
bxc3 Qa5 9. Bd2 Nbd7 10. Bd3 O-O 11. Nf3 e5 12. dxe5 Nxe5 13. Nxe5 Qxe5+ 14.
Qe2 Qxe2+ 15. Bxe2 Re8 16. f3 Bf5 17. Kf2 Rad8 18. Rad1 Bc2 19. Be3 Bxd1 20.
Bxd1 Rd3 21. Bxa7 Ra8 22. Bd4 Rxa2+ 23. Ke1 Rxd1+ 0-1

[Event "III Open Oro Caffe'"]
[Site "Udine ITA"]
[Date "2010.07.06"]
[Round "2"]
[White "Muzzolini, Claudio"]
[Black "Podgornik, Massimo"]
[Result "0-1"]
[WhiteElo "1809"]
[BlackElo "1491"]
[PlyCount "54"]
[EventDate "2010.07.05"]

1. e4 d6 2. d4 Nf6 3. Bd3 g6 4. Nc3 Bg7 5. Nge2 Nbd7 6. O-O O-O 7. f4 c5 8. e5
Ne8 9. f5 cxd4 10. f6 dxc3 11. fxg7 Nxg7 12. exd6 Qb6+ 13. Kh1 cxb2 14. dxe7
bxa1=Q 15. exf8=Q+ Nxf8 16. Bc4 Be6 17. Bb3 Rd8 18. Qe1 Qe5 19. Bf4 Qe4 20. Bh6
Qbc6 21. Rf3 Qd6 22. Rd3 Qde5 23. Re3 Qxe3 24. Bxe3 Qxe3 25. Qf1 Bxb3 26. axb3
Rd2 27. Ng1 Rxc2 0-1

[Event "III Open Oro Caffe'"]
[Site "Udine ITA"]
[Date "2010.07.06"]
[Round "2"]
[White "Orsatti, Marcello"]
[Black "Okhotnik, Vladimir"]
[Result "0-1"]
[WhiteElo "1995"]
[BlackElo "2467"]
[PlyCount "79"]
[EventDate "2010.07.05"]

1. c4 Nf6 2. Nc3 d5 3. cxd5 Nxd5 4. g3 g6 5. Bg2 Nb6 6. Nf3 Bg7 7. d3 O-O 8.
O-O Nc6 9. Be3 h6 10. Rc1 e5 11. Nd2 Nd4 12. Nb3 c6 13. Nc5 Qe7 14. Bxd4 exd4
15. N3e4 Nd5 16. a3 h5 17. Nb3 h4 18. Ned2 hxg3 19. hxg3 f5 20. Bxd5+ cxd5 21.
f4 g5 22. Qe1 gxf4 23. gxf4 Rf6 24. Rf3 Rg6+ 25. Kf1 Be6 26. Rg3 Rg4 27. Rxg4
fxg4 28. Qg3 Bf5 29. Qf2 Re8 30. Rc5 Qd6 31. Rb5 Re3 32. Kg1 Qe6 33. Qg2 Rxe2
34. Qxd5 Qxd5 35. Rxd5 Be6 36. Rb5 b6 37. Rb4 g3 38. Nf3 Bd5 39. Nbxd4 Bxd4+
40. Nxd4 0-1

[Event "III Open Oro Caffe'"]
[Site "Udine ITA"]
[Date "2010.07.06"]
[Round "2"]
[White "Pagnutti, Lorenzo"]
[Black "Pillon, Giovanni Pietro"]
[Result "1-0"]
[WhiteElo "2095"]
[BlackElo "1921"]
[PlyCount "69"]
[EventDate "2010.07.05"]

1. e4 e5 2. Nf3 Nc6 3. Bc4 Nf6 4. Ng5 d5 5. exd5 Nd4 6. c3 b5 7. Bf1 Nxd5 8.
cxd4 Qxg5 9. Bxb5+ Kd8 10. O-O Rb8 11. Bc6 Nb4 12. Bf3 exd4 13. d3 Qg6 14. Be4
Bf5 15. f3 Bc5 16. a3 Nc6 17. b4 Bxe4 18. dxe4 Bd6 19. Nd2 Bf4 20. Nb3 Bxc1 21.
Rxc1 Qd6 22. Rc5 Ke7 23. Qd2 Rhd8 24. Rfc1 Rb6 25. b5 Qe6 26. Qd1 Ne5 27. Rxc7+
Ke8 28. Nc5 Qd6 29. Nd3 a6 30. bxa6 Rxa6 31. R7c5 Nxd3 32. Qxd3 Rda8 33. Qb5+
Ke7 34. Qb7+ Ke8 35. Rc8+ 1-0

[Event "III Open Oro Caffe'"]
[Site "Udine ITA"]
[Date "2010.07.06"]
[Round "2"]
[White "Sialino, Roberto"]
[Black "Procacci, Sergio"]
[Result "0-1"]
[WhiteElo "1900"]
[BlackElo "2043"]
[PlyCount "56"]
[EventDate "2010.07.05"]

1. e4 d6 2. d4 Nf6 3. Nc3 e5 4. Nf3 Nbd7 5. Bc4 h6 6. h3 Be7 7. Be3 c6 8. Qd2
Qa5 9. O-O-O b5 10. Bd3 b4 11. Nb1 Qxa2 12. Qxb4 d5 13. Qc3 O-O 14. dxe5 Nxe4
15. Qxc6 Rb8 16. b3 Ba3+ 17. Nxa3 Qxa3+ 18. Kb1 Bb7 19. Bc1 Qxc1+ 20. Kxc1 Bxc6
21. Bxe4 dxe4 22. e6 exf3 23. exd7 fxg2 24. Rhe1 Rfd8 25. Rg1 Rb7 26. Rd6 Rbxd7
27. Rxd7 Rxd7 28. Re1 Bf3 0-1

[Event "III Open Oro Caffe'"]
[Site "Udine ITA"]
[Date "2010.07.06"]
[Round "2"]
[White "Tassinari, Luca"]
[Black "Capaliku, Aleks"]
[Result "1/2-1/2"]
[WhiteElo "1856"]
[BlackElo "2095"]
[PlyCount "148"]
[EventDate "2010.07.05"]

1. e4 e5 2. Nf3 Nc6 3. d4 d6 4. dxe5 Nxe5 5. Nxe5 dxe5 6. Qxd8+ Kxd8 7. Nc3 c6
8. Bg5+ f6 9. Be3 Be6 10. f4 Kc7 11. f5 Bf7 12. O-O-O Bb4 13. Na4 b6 14. a3 Bd6
15. c4 b5 16. cxb5 cxb5 17. Bxb5 Rb8 18. Rxd6 Kxd6 19. Rd1+ Kc7 20. Rd7+ Kc8
21. Nb6+ axb6 22. Rxf7 g6 23. g4 g5 24. h3 h5 25. gxh5 Rxh5 26. Bf1 g4 27. Ba6+
Kd8 28. hxg4 Rh4 29. Be2 Ke8 30. Rc7 Nh6 31. g5 Rxe4 32. gxh6 Rxe3 33. h7 Rh3
34. Bb5+ Kf8 35. Bc4 Rd8 36. Kc2 e4 37. Rf7+ Ke8 38. Rxf6 Rc8 39. h8=R+ Rxh8
40. Re6+ Kd7 41. Kb3 Rh3+ 42. Kb4 e3 43. Bb5+ Kc7 44. f6 Rf8 45. Kc3 Rf3 46.
Kd3 R8xf6 47. Rxf6 Rxf6 48. Kxe3 Kd6 49. Bc4 Kc5 50. Bd3 Re6+ 51. Kd2 Kd4 52.
a4 Rh6 53. Bb5 Rh2+ 54. Kc1 Kc5 55. Kb1 Kd4 56. Ka2 Ke3 57. Ka3 Kd2 58. Kb4 Ke3
59. b3 Kd4 60. Bc6 Rb2 61. Be8 Kd5 62. Kc3 Re2 63. Bb5 Rh2 64. Kb4 Kd6 65. Bc4
Rh5 66. Bb5 Rh8 67. a5 Rh4+ 68. Bc4 bxa5+ 69. Kxa5 Kc5 70. Ka4 Rh8 71. Ka3 Ra8+
72. Kb2 Kb4 73. Kc2 Rh8 74. Kd3 Rd8+ 1/2-1/2

[Event "III Open Oro Caffe'"]
[Site "Udine ITA"]
[Date "2010.07.06"]
[Round "2"]
[White "Trento, Giacomo"]
[Black "Bozza, Gabriele"]
[Result "0-1"]
[WhiteElo "1794"]
[BlackElo "2000"]
[PlyCount "53"]
[EventDate "2010.07.05"]

1. e4 e5 2. f4 Bc5 3. Nf3 d6 4. Bc4 Nf6 5. d3 Nc6 6. c3 O-O 7. b4 Bb6 8. Qb3
Ng4 9. Rf1 exf4 10. Bxf4 Qe7 11. Bg5 Qe8 12. Nbd2 Nce5 13. O-O-O Nxc4 14. Nxc4
Be6 15. d4 d5 16. exd5 Bxd5 17. Rfe1 Qc6 18. Nce5 Bxb3 19. Nxc6 Bxd1 20. Ne7+
Kh8 21. Kxd1 f6 22. Bc1 Rad8 23. Nh4 Rfe8 24. h3 Ne5 25. Nhf5 Nd3 26. Rf1 Rf8
27. Bd2 0-1

[Event "III Open Oro Caffe'"]
[Site "Udine ITA"]
[Date "2010.07.06"]
[Round "2"]
[White "Varini, Massimo"]
[Black "Gabassi, Francesco"]
[Result "1/2-1/2"]
[WhiteElo "2076"]
[BlackElo "1878"]
[PlyCount "52"]
[EventDate "2010.07.05"]

1. e4 c5 2. Nf3 Nc6 3. Bb5 g6 4. O-O Bg7 5. Re1 Qb6 6. a4 Nf6 7. c3 O-O 8. e5
Ng4 9. d4 d6 10. h3 Nh6 11. dxc5 dxc5 12. Bf4 Kh8 13. Nbd2 Be6 14. Ne4 Rad8 15.
Qc1 Ng8 16. Qe3 c4 17. Qe2 Na5 18. Neg5 Bd5 19. Nd2 Qc7 20. Qg4 e6 21. Qh4 h6
22. b4 cxb3 23. Bd3 Rc8 24. Be4 Bxe4 25. Ngxe4 Kh7 26. Rab1 Qd8 1/2-1/2

[Event "III Open Oro Caffe'"]
[Site "Udine ITA"]
[Date "2010.07.06"]
[Round "2"]
[White "Visintin, Roberto"]
[Black "Pecchiari, Alberto"]
[Result "1-0"]
[WhiteElo "2031"]
[BlackElo "1613"]
[PlyCount "54"]
[EventDate "2010.07.05"]

1. e4 e5 2. f4 Bc5 3. Nf3 d6 4. Nc3 Nf6 5. Bc4 Nc6 6. d3 a6 7. Rf1 Bg4 8. b3
Bxf3 9. Qxf3 Qd7 10. Nd5 Ng8 11. c3 O-O-O 12. b4 Ba7 13. a4 exf4 14. Bxf4 f6
15. b5 Ne5 16. Bxe5 fxe5 17. bxa6 b6 18. Qf5 Qxf5 19. exf5 c6 20. Nb4 Ne7 21.
O-O-O Kc7 22. d4 exd4 23. cxd4 Nd5 24. Bxd5 cxd5 25. Rfe1 Rd7 26. Re6 b5 27.
axb5 Bb6 1-0

[Event "III Open Oro Caffe'"]
[Site "Udine ITA"]
[Date "2010.07.06"]
[Round "2"]
[White "Zavagno, Matteo"]
[Black "Maestri, Roberto"]
[Result "1-0"]
[WhiteElo "1524"]
[BlackElo "1768"]
[PlyCount "90"]
[EventDate "2010.07.05"]

1. e4 d6 2. d4 Nf6 3. Nc3 c6 4. f4 Qa5 5. Bd3 e5 6. dxe5 dxe5 7. fxe5 Qxe5 8.
Nf3 Bg4 9. Nxe5 Bxd1 10. Kxd1 Bd6 11. Nf3 Nbd7 12. Bg5 Ng4 13. Ke2 f6 14. h3
Nge5 15. Bf4 O-O-O 16. Nxe5 Nxe5 17. Bxe5 Bxe5 18. Rad1 Rhe8 19. Kf3 Rd4 20. a3
Red8 21. Be2 Rd2 22. Bd3 Rxd1 23. Rxd1 Bxc3 24. bxc3 Re8 25. Bc4 Re5 26. Bg8 h6
27. Bh7 Kc7 28. Bf5 Rc5 29. Rd3 Rb5 30. Rd7+ Kb6 31. Rxg7 Rc5 32. Bc8 Rxc3+ 33.
Kf4 Rxc2 34. Rxb7+ Kc5 35. g3 a5 36. Rh7 Rf2+ 37. Ke3 Ra2 38. Rxh6 Rxa3+ 39.
Kf4 Ra1 40. Rxf6 a4 41. Bd7 Rf1+ 42. Kg5 Rxf6 43. Kxf6 Kd6 44. Be6 Kc5 45. Ba2
Kd4 1-0

[Event "III Open Oro Caffe'"]
[Site "Udine ITA"]
[Date "2010.07.07"]
[Round "3"]
[White "Bozza, Gabriele"]
[Black "Varini, Massimo"]
[Result "1-0"]
[WhiteElo "2000"]
[BlackElo "2076"]
[PlyCount "71"]
[EventDate "2010.07.05"]

1. d4 d5 2. c4 e6 3. Nc3 Nf6 4. Bg5 Be7 5. e3 O-O 6. Nf3 Nbd7 7. Rc1 a6 8. Qc2
dxc4 9. Bxc4 h6 10. Bh4 b5 11. Bd3 c5 12. Bxf6 Nxf6 13. dxc5 Bxc5 14. O-O Bb7
15. Ne4 Be7 16. Rfd1 Nd5 17. a3 Rc8 18. Qb3 Qb6 19. Bb1 Rxc1 20. Rxc1 Rd8 21.
Nd4 g6 22. Qc2 e5 23. Nf3 Nxe3 24. Qe2 Nc4 25. a4 f5 26. Nc3 e4 27. Ba2 Kg7 28.
axb5 Na5 29. b4 Bxb4 30. Qb2 Bxc3 31. Qxc3+ Kh7 32. bxa6 Bxa6 33. Ne5 Rc8 34.
Qd2 Rd8 35. Qc2 Qd6 36. Qc7+ 1-0

[Event "III Open Oro Caffe'"]
[Site "Udine ITA"]
[Date "2010.07.07"]
[Round "3"]
[White "Capaliku, Aleks"]
[Black "Rozmann, Glauco"]
[Result "1-0"]
[WhiteElo "2095"]
[BlackElo "1745"]
[PlyCount "53"]
[EventDate "2010.07.05"]

1. f4 d5 2. Nf3 g6 3. e3 Nf6 4. b3 Nc6 5. Bb5 a6 6. Bxc6+ bxc6 7. Bb2 Bg4 8.
O-O e6 9. d3 Bc5 10. Qe1 Bxf3 11. Rxf3 O-O 12. Nd2 Be7 13. e4 Nh5 14. g4 Nf6
15. h3 dxe4 16. dxe4 Bc5+ 17. Kg2 a5 18. Rd3 Qe7 19. Nf3 Nd7 20. Rad1 Rfd8 21.
Rxd7 Rxd7 22. Rxd7 Qxd7 23. Qc3 Bd4 24. Nxd4 Rd8 25. Nf3 Kf8 26. Qh8+ Ke7 27.
Ba3+ 1-0

[Event "III Open Oro Caffe'"]
[Site "Udine ITA"]
[Date "2010.07.07"]
[Round "3"]
[White "Capizzi, Biagio"]
[Black "Castellano, Alfonso"]
[Result "1-0"]
[WhiteElo "1824"]
[BlackElo "1935"]
[PlyCount "75"]
[EventDate "2010.07.05"]

1. d4 Nf6 2. c4 g6 3. Nc3 Bg7 4. e4 d6 5. f3 O-O 6. Be3 Nc6 7. Nge2 e5 8. d5
Ne7 9. Qd2 a6 10. g4 h5 11. gxh5 Nxh5 12. Ng3 Kh7 13. Be2 Ng8 14. Nxh5 gxh5 15.
O-O-O f5 16. exf5 Bxf5 17. Ne4 Bxe4 18. fxe4 Qh4 19. Rdg1 Bh6 20. Rg3 Bf4 21.
Bxf4 exf4 22. Rf3 Ne7 23. Qd3 Ng6 24. Rh3 Qf2 25. Rxh5+ Kg8 26. Rg5 Kf7 27. Bh5
Rg8 28. Rhg1 Ke7 29. Bxg6 Qh4 30. Qf3 Raf8 31. Qg4 Qxg4 32. R5xg4 f3 33. Bf5
Rh8 34. h4 Kf6 35. Rf1 Rhg8 36. Rxf3 Ke5 37. Rxg8 Rxg8 38. h5 1-0